| 000 | 00803 a2200181 4500 | ||
|---|---|---|---|
| 003 | Nust | ||
| 005 | 20170207153158.0 | ||
| 040 | _cNust | ||
| 082 | _a005.8 | ||
| 100 | _aKawish, Babar Sarwar ( MSIS-3) | ||
| 245 |
_aReducing the overhead cost for different mobility models in Ad hoc on demand distance vector (AODV) protocol _cBabar Sarwar Kawish |
||
| 260 |
_bMCS (NUST) _cOct, 2007 _aRawalpindi |
||
| 300 | _ax, 86, p. | ||
| 505 | _aIntroduction (page-1) Mobile ad hoc network (page-5) Manet routing protocols (page-12) Overview of ad hoc on-demand distance vector routing (page-20) Architecture of AODV (page-31) Control overheads in AODV routing protocol (page-46) Simulation and results (page-55) Conclusion (page-66) | ||
| 538 | _aAlmirah No. 70 Shelf No. 3 | ||
| 650 | _aPG Thesis | ||
| 651 | _aMSIS-3 | ||
| 942 | _cTHS | ||
| 999 |
_c180876 _d180876 |
||